[Event "RUS IPCA-ch"]
[Site "Nalchik"]
[Date "2015.04.30"]
[Round "1"]
[White "Agapchev, Andrey"]
[Black "Kolomytchenko, Igor Aleksandrovich"]
[Result "0-1"]
[WhiteElo "1667"]
[BlackElo "2073"]
[PlyCount "46"]
[EventDate "2015.04.30"]
[EventType "swiss"]
[EventRounds "9"]
[EventCountry "RUS"]
[SourceTitle "EXT 2018"]
[Source "ChessBase"]
[SourceDate "2017.10.13"]
[SourceVersion "1"]
[SourceVersionDate "2017.10.13"]
[SourceQuality "1"]

1. d4 d5 2. Nf3 Nf6 3. Bf4 Bf5 4. e3 e6 5. c3 c6 6. Nbd2 Qb6 7. Qb3 Nbd7 8. Be2 Be7 9. 0-0 h6 10. Ne5 Nxe5 11. dxe5 Nd7 12. Nf3 0-0 13. Nd4 Bh7 14. Rac1 Nc5 15. Qxb6 axb6 16. a3 b5 17. Rfd1 Rfc8 18. g4 Na4 19. Rd2 Nxb2 20. Nc2 Bxc2 21. Rdxc2 Nc4 22. Bxc4 bxc4 23. Rb1 b5 0-1

[Event "Uljanovsk Sidorov Memorial"]
[Site "Uljanovsk"]
[Date "2014.07.16"]
[Round "1"]
[White "Agapchev, Andrey"]
[Black "Beldyugin, Alexey"]
[Result "1-0"]
[WhiteElo "1683"]
[BlackElo "2093"]
[PlyCount "73"]
[EventDate "2014.07.16"]
[EventType "swiss"]
[EventRounds "9"]
[EventCountry "RUS"]
[SourceTitle "CBM 161 Extra"]
[Source "ChessBase"]
[SourceDate "2014.08.29"]
[SourceVersion "1"]
[SourceVersionDate "2014.08.29"]
[SourceQuality "1"]

1. c4 Nf6 2. Nc3 c5 3. g3 d5 4. cxd5 Nxd5 5. Bg2 Nb6 6. Nf3 Nc6 7. 0-0 e5 8. d3 Be7 9. Be3 Be6 10. Rc1 0-0 11. b3 f5 12. Qd2 h6 13. Qc2 Rc8 14. Ne1 f4 15. Bd2 Nd4 16. Qb2 Bg4 17. Nf3 Nxf3+ 18. exf3 Bf5 19. Ne4 Qxd3 20. Rfd1 Rcd8 21. Qxe5 Bxe4 22. fxe4 Bf6 23. Qe6+ Kh8 24. Bxf4 Qe2 25. Rxd8 Bxd8 26. Qd6 Re8 27. Bxh6 gxh6 28. Qxh6+ Kg8 29. Qg6+ Kf8 30. Rxc5 Nd7 31. Rf5+ Bf6 32. Bf3 Qb2 33. Bh5 Re7 34. e5 Qb1+ 35. Kg2 Qe4+ 36. Kh3 Rxe5 37. Qf7# 1-0

[Event "Uljanovsk Volga op"]
[Site "Uljanovsk"]
[Date "2014.01.06"]
[Round "7"]
[White "Dobrocmyslov, Artem"]
[Black "Agapchev, Andrey"]
[Result "1-0"]
[WhiteElo "1929"]
[BlackElo "1678"]
[PlyCount "99"]
[EventDate "2014.01.03"]
[EventType "swiss"]
[EventRounds "9"]
[EventCountry "RUS"]
[SourceTitle "CBM 158 Extra"]
[Source "ChessBase"]
[SourceDate "2014.02.28"]
[SourceVersion "1"]
[SourceVersionDate "2014.02.28"]
[SourceQuality "1"]

1. d4 d5 2. Nc3 e6 3. e4 Nf6 4. Bg5 Be7 5. e5 Nfd7 6. h4 a6 7. Qg4 h5 8. Qg3 Bxg5 9. hxg5 g6 10. f4 c5 11. Nf3 Qb6 12. 0-0-0 cxd4 13. Nxd4 Nc6 14. Nb3 Nc5 15. f5 Bd7 16. fxg6 fxg6 17. Nxc5 Qxc5 18. Bd3 Ne7 19. Rhf1 Nf5 20. Bxf5 gxf5 21. Rh1 0-0-0 22. Ne2 Qe7 23. Nf4 Rdg8 24. g6 h4 25. Qf2 Kb8 26. Rh3 Rc8 27. Rdh1 Qg7 28. Qe1 Rc4 29. Rxh4 Rxh4 30. Rxh4 Re4 31. Qc3 Rc4 32. Qh3 Qxe5 33. Nd3 Qe2 34. Rxc4 dxc4 35. Qg3+ Ka7 36. Qf2+ Qxf2 37. Nxf2 Be8 38. g7 Bf7 39. Kd2 Kb6 40. Ke3 e5 41. g4 f4+ 42. Ke4 a5 43. g5 c3 44. b3 Kc5 45. Ng4 Bd5+ 46. Kxe5 f3 47. Kf4 Kd6 48. Ke3 b5 49. Nf6 Be6 50. g8Q 1-0

[Event "Uljanovsk Sidorov Memorial"]
[Site "Uljanovsk"]
[Date "2013.07.14"]
[Round "9"]
[White "Agapchev, Andrey"]
[Black "Rakhmatulaev, Konstantin"]
[Result "0-1"]
[WhiteElo "1675"]
[BlackElo "1952"]
[PlyCount "130"]
[EventDate "2013.07.11"]
[EventType "swiss"]
[EventRounds "9"]
[EventCountry "RUS"]
[SourceTitle "EXT 2014"]
[Source "ChessBase"]
[SourceDate "2013.11.20"]
[SourceVersion "1"]
[SourceVersionDate "2013.11.20"]
[SourceQuality "1"]

1. d4 Nf6 2. Nf3 g6 3. Bf4 Bg7 4. Nbd2 0-0 5. e3 d6 6. Be2 Nbd7 7. 0-0 Nh5 8. Bg5 f5 9. Bh4 c6 10. Ng5 Ndf6 11. Bc4+ d5 12. Be2 h6 13. Ngf3 Qe8 14. Bg3 Nxg3 15. hxg3 Nd7 16. c4 g5 17. cxd5 cxd5 18. Qb3 Qf7 19. Rac1 g4 20. Ne1 e5 21. dxe5 Nxe5 22. Nd3 Nxd3 23. Bxd3 Be6 24. Qb4 a5 25. Qd6 Rfd8 26. Qc7 Rd7 27. Qc2 Be5 28. b3 Rc7 29. Qb1 Rac8 30. Rxc7 Qxc7 31. Bxf5 Qc6 32. Bxe6+ Qxe6 33. Rc1 Rf8 34. Qd3 Qf7 35. Rf1 Kg7 36. Qe2 Qe6 37. e4 Bc3 38. Nb1 Bd4 39. Nd2 Bc3 40. Qd3 Bxd2 41. Qxd2 Qxe4 42. Re1 Qf5 43. Qe2 Rf6 44. Qe7+ Kg6 45. Qe8+ Rf7 46. Qe6+ Qxe6 47. Rxe6+ Kf5 48. Re8 Rc7 49. Kf1 Rc2 50. Re2 Rc3 51. Re8 b5 52. Re2 a4 53. bxa4 bxa4 54. Re8 a3 55. Re2 Rc1+ 56. Re1 Rc2 57. Re2 Rb2 58. Ke1 d4 59. Kd1 d3 60. Re8 Rxa2 61. Kc1 Re2 62. Ra8 a2 63. Ra5+ Ke6 64. Ra6+ Kd5 65. f4 Re1+ 0-1

[Event "Uljanovsk Sidorov Memorial"]
[Site "Uljanovsk"]
[Date "2013.07.13"]
[Round "7"]
[White "Agapchev, Andrey"]
[Black "Golubchikov, Alexey"]
[Result "1/2-1/2"]
[WhiteElo "1675"]
[BlackElo "1769"]
[PlyCount "121"]
[EventDate "2013.07.11"]
[EventType "swiss"]
[EventRounds "9"]
[EventCountry "RUS"]
[SourceTitle "EXT 2014"]
[Source "ChessBase"]
[SourceDate "2013.11.20"]
[SourceVersion "1"]
[SourceVersionDate "2013.11.20"]
[SourceQuality "1"]

1. d4 Nf6 2. Nf3 d5 3. Bf4 Bf5 4. e3 e6 5. Nbd2 Bd6 6. c3 Bxf4 7. exf4 c6 8. Ne5 Nbd7 9. Ndf3 Qb6 10. Qb3 Qxb3 11. axb3 Ke7 12. b4 a6 13. Be2 Nxe5 14. Nxe5 Nd7 15. Nd3 h6 16. 0-0 g5 17. fxg5 hxg5 18. Nc5 Nxc5 19. bxc5 g4 20. Ra3 Kd7 21. b4 Rh7 22. f3 gxf3 23. Rxf3 Rah8 24. h3 Rg8 25. g4 Be4 26. Rg3 f5 27. Kh2 f4 28. Rg1 Rgh8 29. Bf1 Ke7 30. Ra2 Kf6 31. g5+ Kg6 32. Rf2 f3 33. Rg3 Rh5 34. Rd2 Rxg5 35. Bd3 Rxg3 36. Kxg3 Kf5 37. Bf1 Rg8+ 38. Kf2 Kf4 39. Rd1 Bf5 40. Re1 Rh8 41. Re3 Be4 42. Re1 Rg8 43. Re3 Rg3 44. Re1 Bf5 45. Re3 Bxh3 46. Bxh3 Rxh3 47. Rxe6 Rh2+ 48. Kg1 Rc2 49. Rf6+ Ke3 50. Re6+ Kd3 51. Rf6 Rxc3 52. Rxf3+ Kc4 53. Rf7 Kxd4 54. Rxb7 Kc4 55. Rb6 d4 56. Rxc6 d3 57. Kf2 Rc2+ 58. Ke1 Kc3 59. Rxa6 d2+ 60. Ke2 Kxb4 61. Rd6 1/2-1/2

[Event "Dimitrovgrad Teenagers op"]
[Site "Dimitrovgrad"]
[Date "2012.08.18"]
[Round "5"]
[White "Ishpulaev, Ivan"]
[Black "Agapchev, Andrey"]
[Result "1/2-1/2"]
[WhiteElo "1464"]
[BlackElo "1613"]
[PlyCount "58"]
[EventDate "2012.08.16"]
[EventType "swiss"]
[EventRounds "7"]
[EventCountry "RUS"]
[SourceTitle "EXT 2022"]
[Source "ChessBase"]
[SourceDate "2021.10.06"]
[SourceVersion "1"]
[SourceVersionDate "2021.10.06"]
[SourceQuality "1"]

1. e4 e6 2. Qe2 c5 3. b3 Nc6 4. Nf3 d6 5. Bb2 Nge7 6. d4 cxd4 7. Nxd4 a6 8. Nd2 Qc7 9. a3 Bd7 10. 0-0-0 Rc8 11. Nc4 Ng6 12. Qd2 b5 13. Ne3 e5 14. Ndf5 Na5 15. Kb1 Nb7 16. Nd5 Qd8 17. Nfe3 Ne7 18. f4 Nc6 19. f5 Nc5 20. Bd3 Be7 21. Ng4 Bg5 22. Qf2 h5 23. h4 Bh6 24. Nxh6 Rxh6 25. Rhf1 f6 26. Qg3 Kf8 27. Bc1 Rh8 28. Qg6 Be8 29. Qg3 Bf7 1/2-1/2

[Event "Uljanovsk Povolje op"]
[Site "Uljanovsk"]
[Date "2011.08.29"]
[Round "7"]
[White "Rumyantsev, Nikolay"]
[Black "Agapchev, Andrey"]
[Result "1-0"]
[WhiteElo "1807"]
[BlackElo "1623"]
[PlyCount "93"]
[EventDate "2011.08.25"]
[EventType "swiss"]
[EventRounds "9"]
[EventCountry "RUS"]
[SourceTitle "CBM 144 Extra"]
[Source "ChessBase"]
[SourceDate "2011.10.28"]
[SourceVersion "1"]
[SourceVersionDate "2011.10.28"]
[SourceQuality "1"]

1. e4 e6 2. d4 d5 3. e5 c5 4. c3 Nc6 5. Nf3 Qb6 6. Bd3 Bd7 7. 0-0 cxd4 8. cxd4 Be7 9. Nc3 f6 10. Re1 Rc8 11. Nxd5 exd5 12. e6 Bxe6 13. Rxe6 Qc7 14. Bf5 g6 15. Rxc6 Qxc6 16. Bxc8 Qxc8 17. Qa4+ Qd7 18. Qxa7 Bd6 19. Bd2 Ne7 20. Re1 0-0 21. Qb6 Ra8 22. a3 Ra6 23. Qb3 Qc6 24. Qe3 Qd7 25. g3 Nf5 26. Qe2 Rb6 27. Bc3 Rb3 28. Nd2 Rb6 29. Kh1 Kg7 30. h4 Bxg3 31. Nf3 Bxh4 32. Nxh4 Nxh4 33. Qe7+ Qxe7 34. Rxe7+ Kg8 35. a4 Nf5 36. Rd7 Nd6 37. b4 Ne4 38. Be1 Rc6 39. Kg2 Rc1 40. Kf1 Nc3 41. a5 h5 42. Rc7 Na2 43. Rxb7 Ra1 44. a6 Nxb4 45. a7 Nc6 46. Rb8+ Kg7 47. a8Q 1-0

[Event "Uljanovsk Povolje op"]
[Site "Uljanovsk"]
[Date "2011.08.26"]
[Round "3"]
[White "Makarenko, Vladimir2"]
[Black "Agapchev, Andrey"]
[Result "1-0"]
[WhiteElo "1953"]
[BlackElo "1623"]
[PlyCount "91"]
[EventDate "2011.08.25"]
[EventType "swiss"]
[EventRounds "9"]
[EventCountry "RUS"]
[SourceTitle "CBM 144 Extra"]
[Source "ChessBase"]
[SourceDate "2011.10.28"]
[SourceVersion "1"]
[SourceVersionDate "2011.10.28"]
[SourceQuality "1"]

1. e4 e6 2. Qe2 c5 3. Nc3 d6 4. Nf3 Nc6 5. g3 Nf6 6. Bg2 Be7 7. 0-0 0-0 8. b3 a6 9. Bb2 Rb8 10. a4 b6 11. Rae1 Bb7 12. h3 Re8 13. Nd1 d5 14. e5 Nd7 15. Ne3 Bf8 16. Ng4 d4 17. c3 dxc3 18. dxc3 f6 19. Rd1 f5 20. Ne3 Qc7 21. Nc4 Rbd8 22. Nd6 Re7 23. Nxb7 Qxb7 24. Rd2 Qc7 25. Rfd1 Ndxe5 26. Rxd8 Nxf3+ 27. Bxf3 Nxd8 28. Qxa6 e5 29. Bd5+ Kh8 30. Qa8 Rd7 31. Ra1 e4 32. c4 f4 33. g4 e3 34. f3 Qd6 35. Bc3 Qh6 36. Qc8 Rd6 37. Qf5 Be7 38. Qe5 Rd7 39. h4 Bf8 40. Qe8 Qd6 41. Be5 Qe7 42. Qxe7 Rxe7 43. Bxf4 g6 44. Re1 Bg7 45. Bxe3 Bd4 46. Bxd4+ 1-0

[Event "Uljanovsk Povolje op"]
[Site "Uljanovsk"]
[Date "2011.08.25"]
[Round "1"]
[White "Mirzaev, Aziz"]
[Black "Agapchev, Andrey"]
[Result "1-0"]
[WhiteElo "2043"]
[BlackElo "1623"]
[PlyCount "55"]
[EventDate "2011.08.25"]
[EventType "swiss"]
[EventRounds "9"]
[EventCountry "RUS"]
[SourceTitle "CBM 144 Extra"]
[Source "ChessBase"]
[SourceDate "2011.10.28"]
[SourceVersion "1"]
[SourceVersionDate "2011.10.28"]
[SourceQuality "1"]

1. Nf3 e6 2. c4 f5 3. b3 Nf6 4. Bb2 c6 5. g3 d5 6. Bg2 Bd6 7. 0-0 0-0 8. d3 Nbd7 9. Nbd2 Qe7 10. Re1 e5 11. cxd5 cxd5 12. e4 fxe4 13. dxe4 d4 14. Nc4 Bb4 15. Re2 b5 16. Ncxe5 Nxe5 17. Nxe5 Qxe5 18. Bxd4 Qb8 19. e5 Ng4 20. Bd5+ Kh8 21. Re4 Bc3 22. Bxc3 Nxf2 23. Qd4 Bb7 24. e6 Qc7 25. e7 Nh3+ 26. Kg2 Rf2+ 27. Kxh3 Bc8+ 28. Be6 1-0

[Event "Uljanovsk Volga op"]
[Site "Uljanovsk"]
[Date "2011.01.04"]
[Round "4"]
[White "Agapchev, Andrey"]
[Black "Parshakov, Vladimir"]
[Result "0-1"]
[WhiteElo "1633"]
[BlackElo "2017"]
[PlyCount "125"]
[EventDate "2011.01.03"]
[EventType "swiss"]
[EventRounds "9"]
[EventCountry "RUS"]
[SourceTitle "CBM 140 Extra"]
[Source "ChessBase"]
[SourceDate "2011.03.01"]
[SourceVersion "1"]
[SourceVersionDate "2011.03.01"]
[SourceQuality "1"]

1. d4 Nf6 2. Nf3 e6 3. Bf4 c5 4. e3 Nc6 5. c3 b6 6. Nbd2 Be7 7. Bd3 0-0 8. 0-0 d5 9. Ne5 Bb7 10. Ndf3 Nxe5 11. Nxe5 c4 12. Bc2 b5 13. h3 a5 14. g4 Ne4 15. f3 Ng5 16. Qb1 g6 17. Kg2 f5 18. h4 Nf7 19. h5 Nxe5 20. Bxe5 Bd6 21. hxg6 hxg6 22. Bxd6 Qxd6 23. gxf5 exf5 24. Rh1 Kg7 25. Qe1 Rae8 26. Qh4 Rh8 27. Qf2 Qe7 28. Rae1 Qg5+ 29. Qg3 Qxg3+ 30. Kxg3 Rxh1 31. Rxh1 Rxe3 32. Kg2 Re8 33. Rg1 Bc8 34. Rh1 Rh8 35. Rxh8 Kxh8 36. Kg3 g5 37. f4 g4 38. a3 Kg7 39. Kf2 Kf6 40. b4 cxb3 41. Bxb3 Ke6 42. Ke3 Kd6 43. Bd1 Kc6 44. Be2 Kb6 45. Bf1 Ba6 46. Bg2 Bb7 47. Bf1 b4 48. cxb4 axb4 49. axb4 Ba6 50. Bg2 Bc4 51. Kd2 Kc6 52. Kc3 Kb5 53. Bh1 Bf1 54. Bxd5 g3 55. Bf3 g2 56. Bxg2 Bxg2 57. Kd3 Kxb4 58. Ke3 Kc4 59. Kf2 Be4 60. Ke3 Kc3 61. Kf2 Kxd4 62. Ke2 Bd5 63. Kf2 0-1

[Event "Uljanovsk Povolje op"]
[Site "Uljanovsk"]
[Date "2010.11.24"]
[Round "9"]
[White "Agapchev, Andrey"]
[Black "Yarullina, Alina"]
[Result "0-1"]
[WhiteElo "1613"]
[BlackElo "2051"]
[PlyCount "78"]
[EventDate "2010.11.19"]
[EventType "swiss"]
[EventRounds "9"]
[EventCountry "RUS"]
[SourceTitle "CBM 139 Extra"]
[Source "ChessBase"]
[SourceDate "2011.01.05"]
[SourceVersion "1"]
[SourceVersionDate "2011.01.05"]
[SourceQuality "1"]

1. e4 c5 2. Nc3 Nc6 3. f4 g6 4. Nf3 Bg7 5. g3 d6 6. Bg2 e6 7. 0-0 Nge7 8. d3 0-0 9. Kh1 Rb8 10. Be3 Nd4 11. Rb1 Qa5 12. Ne2 Nxf3 13. Bxf3 Qxa2 14. e5 Nf5 15. Bf2 Qa6 16. Ra1 Qb6 17. g4 Nd4 18. Nxd4 cxd4 19. exd6 a6 20. f5 Qxd6 21. fxg6 hxg6 22. Qe2 Be5 23. Bh4 Bf4 24. Be4 g5 25. Be1 Kg7 26. Bd2 e5 27. Be1 Rh8 28. Rf2 Bd7 29. Bd2 Rh4 30. Rg1 Rbh8 31. Rgg2 Qb6 32. b3 Qc7 33. Qd1 Bxg4 34. Qg1 Qd7 35. Bxf4 exf4 36. Bf3 Bxf3 37. Rxf3 Qc6 38. Qf1 Rg4 39. Rxf4 Rxh2+ 0-1

[Event "Uljanovsk Povolje op"]
[Site "Uljanovsk"]
[Date "2010.11.23"]
[Round "8"]
[White "Malygin, Alexander"]
[Black "Agapchev, Andrey"]
[Result "1-0"]
[WhiteElo "2199"]
[BlackElo "1613"]
[PlyCount "33"]
[EventDate "2010.11.19"]
[EventType "swiss"]
[EventRounds "9"]
[EventCountry "RUS"]
[SourceTitle "CBM 139 Extra"]
[Source "ChessBase"]
[SourceDate "2011.01.05"]
[SourceVersion "1"]
[SourceVersionDate "2011.01.05"]
[SourceQuality "1"]

1. e4 e6 2. d4 d5 3. Nd2 Nf6 4. e5 Nfd7 5. Bd3 c5 6. c3 Nc6 7. Ne2 Qb6 8. Nf3 Be7 9. 0-0 0-0 10. Nf4 Re8 11. h4 Bf8 12. Re1 f6 13. exf6 Nxf6 14. Ng5 e5 15. Nxd5 Nxd5 16. Bxh7+ Kh8 17. Qh5 1-0

[Event "Dimitrovgrad Teenagers op"]
[Site "Dimitrovgrad"]
[Date "2010.08.20"]
[Round "3"]
[White "Olisov, Andrey"]
[Black "Agapchev, Andrey"]
[Result "1-0"]
[WhiteElo "2151"]
[BlackElo "1604"]
[PlyCount "67"]
[EventDate "2010.08.18"]
[EventType "swiss"]
[EventRounds "7"]
[EventCountry "RUS"]
[SourceTitle "CBM 138 Extra"]
[Source "ChessBase"]
[SourceDate "2010.10.29"]
[SourceVersion "1"]
[SourceVersionDate "2010.10.29"]
[SourceQuality "1"]

1. b3 d5 2. Bb2 Nf6 3. e3 c5 4. f4 Nc6 5. Bb5 e6 6. Bxc6+ bxc6 7. Nf3 Bd6 8. 0-0 Qc7 9. Ne5 Nd7 10. Nxd7 Bxd7 11. Bxg7 Rg8 12. Bb2 e5 13. fxe5 Bxe5 14. Qh5 Bh3 15. Qxe5+ Qxe5 16. Bxe5 Rxg2+ 17. Kh1 Re2 18. Rg1 0-0-0 19. Nc3 Rxd2 20. Rg3 Bf5 21. Rf1 Bg6 22. Rg2 Rxc2 23. Rxc2 Bxc2 24. Rxf7 Re8 25. Rf2 Rxe5 26. Rxc2 Rxe3 27. Kg2 d4 28. Na4 d3 29. Rd2 Re5 30. Nb2 Re6 31. Kf2 Rh6 32. Ke3 Rh3+ 33. Ke4 Rh4+ 34. Kxd3 1-0

[Event "Uljanovsk-ch"]
[Site "Uljanovsk"]
[Date "2010.03.14"]
[Round "3"]
[White "Agapchev, Andrey"]
[Black "Anikin, Victor"]
[Result "0-1"]
[WhiteElo "1615"]
[BlackElo "1863"]
[PlyCount "86"]
[EventDate "2010.03.13"]
[EventType "swiss"]
[EventRounds "9"]
[EventCountry "RUS"]
[SourceTitle "EXT 2012"]
[Source "ChessBase"]
[SourceDate "2011.11.24"]
[SourceVersion "1"]
[SourceVersionDate "2011.11.24"]
[SourceQuality "1"]

1. d4 c5 2. e3 b6 3. Nf3 Nf6 4. c3 e6 5. Bd3 Bb7 6. Nbd2 d5 7. b3 Bd6 8. Bb2 Nbd7 9. Qe2 Ne4 10. Bc2 f5 11. c4 0-0 12. 0-0 g5 13. g3 g4 14. Nh4 Ng5 15. cxd5 cxd4 16. Bxd4 Be5 17. f3 Bxd5 18. Bxe5 Nxe5 19. e4 gxf3 20. Nhxf3 Nexf3+ 21. Nxf3 Nxe4 22. Bxe4 Bxe4 23. Rfd1 Qe7 24. Nd2 Bd5 25. Nf3 Qc5+ 26. Qf2 Bxf3 27. Qxc5 bxc5 28. Rd6 Bd5 29. Rc1 Rac8 30. Ra6 Rf7 31. b4 c4 32. Rc3 Rb7 33. a3 Rcc7 34. Kf2 Kf7 35. Ke3 Kf6 36. Kd4 h5 37. Ra5 Rd7 38. Ra6 Rb5 39. Ke3 Ke5 40. h4 Rg7 41. Kd2 Rb6 42. Ra5 Kd4 43. Rc5 f4 0-1

[Event "Uljanovsk Cup"]
[Site "Uljanovsk"]
[Date "2009.12.19"]
[Round "7"]
[White "Chepenko, Anton"]
[Black "Agapchev, Andrey"]
[Result "1-0"]
[WhiteElo "1821"]
[BlackElo "1619"]
[PlyCount "55"]
[EventDate "2009.12.05"]
[EventType "swiss"]
[EventRounds "9"]
[EventCountry "RUS"]
[SourceTitle "EXT 2012"]
[Source "ChessBase"]
[SourceDate "2011.11.24"]
[SourceVersion "1"]
[SourceVersionDate "2011.11.24"]
[SourceQuality "1"]

1. e4 e6 2. d4 d5 3. Nc3 Nf6 4. Bg5 Be7 5. e5 Nfd7 6. Bxe7 Qxe7 7. f4 a6 8. Nf3 c5 9. Qd2 Nc6 10. dxc5 Nxc5 11. 0-0-0 Bd7 12. h4 b5 13. Bd3 Rb8 14. Kb1 b4 15. Ne2 a5 16. Ned4 Na7 17. g4 a4 18. f5 b3 19. cxb3 axb3 20. a3 Nb5 21. fxe6 fxe6 22. Nxb5 Bxb5 23. Bxb5+ Rxb5 24. Nd4 Rb6 25. Qa5 Nd7 26. Rc1 0-0 27. Rc7 Re8 28. Rxd7 1-0

[Event "Uljanovsk Cup"]
[Site "Uljanovsk"]
[Date "2009.12.06"]
[Round "3"]
[White "Agapchev, Andrey"]
[Black "Zubkov, Vasiliy"]
[Result "0-1"]
[WhiteElo "1619"]
[BlackElo "2030"]
[PlyCount "132"]
[EventDate "2009.12.05"]
[EventType "swiss"]
[EventRounds "9"]
[EventCountry "RUS"]
[SourceTitle "EXT 2012"]
[Source "ChessBase"]
[SourceDate "2011.11.24"]
[SourceVersion "1"]
[SourceVersionDate "2011.11.24"]
[SourceQuality "1"]

1. d4 Nf6 2. Nf3 d6 3. Bf4 c6 4. c3 Qb6 5. Qb3 Bf5 6. Nh4 Be6 7. Qc2 h6 8. Nf3 g6 9. e3 Bf5 10. Qb3 Nbd7 11. Bc4 Qxb3 12. Bxb3 g5 13. Bg3 e6 14. h3 Be7 15. Nbd2 Ne4 16. Nxe4 Bxe4 17. 0-0 h5 18. Nd2 Bd3 19. Rfe1 h4 20. Bh2 0-0-0 21. e4 Ba6 22. d5 cxd5 23. exd5 e5 24. f4 gxf4 25. Bxf4 Nc5 26. Be3 b6 27. Bxc5 bxc5 28. Nc4 Rdg8 29. Rf1 f6 30. Rf2 Rg5 31. Ne3 Bd3 32. Rd1 Be4 33. Kh2 f5 34. Bc2 Bxc2 35. Rxc2 Rgh5 36. Rf1 Bg5 37. Re2 Bf4+ 38. Kh1 Bxe3 39. Rxe3 Rg5 40. Ref3 Rf8 41. b4 Kc7 42. bxc5 dxc5 43. c4 f4 44. Rb3 e4 45. Rfb1 f3 46. gxf3 exf3 47. Rf1 Rg3 48. Kh2 Rf4 49. Rc3 Kd6 50. a4 Ke5 51. Rd1 Rd4 52. Re3+ Kf4 53. Rxd4+ cxd4 54. Re1 Rg2+ 55. Kh1 Re2 56. Rf1 d3 57. d6 d2 58. d7 Re1 59. d8Q Rxf1+ 60. Kh2 d1Q 61. Qf6+ Ke3 62. Qe7+ Kf2 63. Qxh4+ Ke2 64. Qe7+ Kd3 65. Qd6+ Kc2 66. Qg6+ Qd3 0-1

[Event "Uljanovsk op"]
[Site "Uljanovsk"]
[Date "2009.08.29"]
[Round "7"]
[White "Agapchev, Andrey"]
[Black "Pirogov, Vladislav"]
[Result "0-1"]
[WhiteElo "1686"]
[BlackElo "1598"]
[PlyCount "102"]
[EventDate "2009.08.26"]
[EventType "swiss"]
[EventRounds "9"]
[EventCountry "RUS"]
[SourceTitle "CBM 132 Extra"]
[Source "ChessBase"]
[SourceDate "2009.11.03"]
[SourceVersion "1"]
[SourceVersionDate "2009.11.03"]
[SourceQuality "1"]

1. d4 d5 2. Nf3 Nf6 3. Bg5 Ne4 4. Bh4 c6 5. e3 Qa5+ 6. c3 Bg4 7. Qb3 Qb6 8. Nbd2 Bxf3 9. Nxf3 Nd7 10. Qxb6 axb6 11. Be2 e6 12. Nd2 Nxd2 13. Kxd2 b5 14. a3 Bd6 15. f4 0-0 16. g4 Ra7 17. Rhg1 Rfa8 18. Ra2 Nb6 19. Rg2 b4 20. cxb4 Bxb4+ 21. Kc2 Bd6 22. f5 exf5 23. gxf5 Kf8 24. f6 g6 25. Bg5 Nd7 26. Bg4 b5 27. Bxd7 Rxd7 28. Bf4 Bxf4 29. exf4 Rd6 30. Rg5 Rxf6 31. f5 Rxf5 32. Rxf5 gxf5 33. Ra1 Ke7 34. Re1+ Kf6 35. Kb3 Ra4 36. Rd1 Rc4 37. Rd2 f4 38. Ka2 Kf5 39. b3 Rc3 40. a4 bxa4 41. bxa4 f3 42. Kb2 Rc4 43. Kb3 Ke4 44. a5 Rc1 45. Kb2 Rg1 46. a6 Rg8 47. Kc3 Ra8 48. Ra2 Ke3 49. h3 f2 50. Ra1 Rxa6 51. Rb1 Ra2 0-1

[Event "Uljanovsk op"]
[Site "Uljanovsk"]
[Date "2009.08.27"]
[Round "4"]
[White "Agapchev, Andrey"]
[Black "Makarov, Denis"]
[Result "0-1"]
[WhiteElo "1686"]
[BlackElo "1759"]
[PlyCount "50"]
[EventDate "2009.08.26"]
[EventType "swiss"]
[EventRounds "9"]
[EventCountry "RUS"]
[SourceTitle "CBM 132 Extra"]
[Source "ChessBase"]
[SourceDate "2009.11.03"]
[SourceVersion "1"]
[SourceVersionDate "2009.11.03"]
[SourceQuality "1"]

1. d4 d5 2. Nf3 Nc6 3. Bf4 Bf5 4. c3 Nf6 5. e3 a6 6. Be2 e6 7. Nbd2 Bd6 8. Ne5 0-0 9. Ndf3 Ne4 10. 0-0 f6 11. Nd3 Re8 12. Nh4 Bg6 13. f3 e5 14. Nxg6 hxg6 15. dxe5 fxe5 16. Bg3 Nxg3 17. hxg3 Qg5 18. Kf2 Ne7 19. Rh1 Nf5 20. Rh3 Qxe3+ 21. Ke1 Rad8 22. Qb3 c6 23. g4 Ng3 24. Qc2 e4 25. Nc1 Qg1+ 0-1

[Event "Uljanovsk op"]
[Site "Uljanovsk"]
[Date "2009.08.26"]
[Round "3"]
[White "Abdurahmanov, Afer"]
[Black "Agapchev, Andrey"]
[Result "1-0"]
[WhiteElo "1798"]
[BlackElo "1686"]
[PlyCount "105"]
[EventDate "2009.08.26"]
[EventType "swiss"]
[EventRounds "9"]
[EventCountry "RUS"]
[SourceTitle "CBM 132 Extra"]
[Source "ChessBase"]
[SourceDate "2009.11.03"]
[SourceVersion "1"]
[SourceVersionDate "2009.11.03"]
[SourceQuality "1"]

1. e4 e6 2. d4 d5 3. exd5 exd5 4. Bd3 Nf6 5. Nf3 Be7 6. c3 Bg4 7. Qc2 0-0 8. Bg5 Nbd7 9. Ne5 h6 10. Bf4 Nxe5 11. dxe5 Nd7 12. f3 Be6 13. Nd2 Bg5 14. Bg3 Bh4 15. f4 Nc5 16. 0-0-0 Nxd3+ 17. Qxd3 Be7 18. f5 Bc8 19. Nf3 c6 20. h4 Qa5 21. Kb1 Qb5 22. Qc2 Ba3 23. Nd4 Qb6 24. Ka1 Bc5 25. Bf4 Bxd4 26. Rxd4 Rd8 27. g4 c5 28. Rdd1 d4 29. c4 Bd7 30. h5 Bc6 31. Rhg1 Bf3 32. Rdf1 d3 33. Qd2 Be2 34. Rf2 Qb4 35. Qxb4 cxb4 36. Bd2 Re8 37. g5 hxg5 38. Rxg5 Kh7 39. Bxb4 Rad8 40. Bd2 Rxe5 41. Rfg2 Rg8 42. h6 f6 43. Rxg7+ Rxg7 44. Rxg7+ Kh8 45. Rxb7 Rxf5 46. b3 Rf1+ 47. Kb2 Rd1 48. Kc3 f5 49. Rf7 Ra1 50. a4 Ra2 51. Bg5 Rc2+ 52. Kb4 d2 53. h7 1-0

[Event "Uljanovsk op"]
[Site "Uljanovsk"]
[Date "2009.08.26"]
[Round "1"]
[White "Agapchev, Andrey"]
[Black "Meyling, Andrey"]
[Result "0-1"]
[WhiteElo "1686"]
[BlackElo "2035"]
[PlyCount "90"]
[EventDate "2009.08.26"]
[EventType "swiss"]
[EventRounds "9"]
[EventCountry "RUS"]
[SourceTitle "CBM 132 Extra"]
[Source "ChessBase"]
[SourceDate "2009.11.03"]
[SourceVersion "1"]
[SourceVersionDate "2009.11.03"]
[SourceQuality "1"]

1. d4 d5 2. Nf3 Nf6 3. Bf4 Bf5 4. e3 e6 5. Nbd2 c5 6. c3 Nc6 7. Ne5 Qb6 8. Qb3 Qxb3 9. Nxb3 c4 10. Nd2 Be7 11. Be2 0-0 12. 0-0 Nxe5 13. Bxe5 Nd7 14. Bg3 b5 15. f3 Nb6 16. e4 Bg6 17. Rac1 b4 18. Rfe1 Rfe8 19. Bd1 bxc3 20. Rxc3 Bb4 21. Rc2 dxe4 22. fxe4 Red8 23. Bf2 e5 24. Rf1 exd4 25. Nxc4 d3 26. Rc1 d2 27. Rc2 Bxe4 28. Nxb6 Bxc2 29. Nxa8 Bd3 30. Nc7 Ba5 31. Bh4 f6 32. Ne6 Rc8 33. Bb3 Bxf1 34. Nd4+ Kh8 35. Kxf1 Rc1+ 36. Ke2 Re1+ 37. Kd3 d1Q+ 38. Bxd1 Rxd1+ 39. Ke4 Rb1 40. b3 Rb2 41. Nc6 Bb6 42. Nb4 Rxg2 43. Bg3 Bg1 44. Kf3 Rb2 45. h3 a5 0-1